| 000 | 00714nam a2200217 i 4500 | ||
|---|---|---|---|
| 001 | 116163 | ||
| 003 | ES-MaACL | ||
| 005 | 20240202063019.0 | ||
| 007 | t| | ||
| 008 | 061121s1927 sp r ||||1| spa d | ||
| 080 | _a73 Mora, José de | ||
| 100 | 1 |
_aOrueta, Ricardo de, _d1868-1939 _987695 |
|
| 245 | 1 | 0 |
_aSobre José de Mora / _cRicardo de Orueta y Duarte. |
| 260 |
_aMadrid : _bArchivo Español de Arte y Arqueología, _c1927. |
||
| 300 |
_a5 p. ; _c28 cm. |
||
| 500 | _aDel "Archivo Español de Arte y Arqueología" n. VII-1927. | ||
| 500 | _aLa cubierta hace veces de portada. | ||
| 600 | 1 | 4 |
_aMora, José de ( _d1642-1724) _9156560 |
| 852 |
_aES-MaACL _j1709-F-16 |
||
| 999 |
_c116163 _d116163 |
||